| 000 | 00545nam a2200217 a 4500 | ||
|---|---|---|---|
| 999 |
_c10103 _d10103 |
||
| 001 | 10103 | ||
| 003 | BD-JhCC | ||
| 005 | 20180417190742.0 | ||
| 008 | 180417s1998 b a|||| || | 001 0 m d | ||
| 035 | _a(BD-JhCC)10103 | ||
| 040 |
_aBD-JhCC _dBD-JhCC |
||
| 041 | _aeng | ||
| 082 |
_a704 _bMAR 1998 |
||
| 245 |
_aMaruf / _cSubir Choudhury (Editor) |
||
| 260 |
_aDhaka : _bBangladesh Shilpakala Academy, _c1998. |
||
| 300 |
_a127 p. : _bill. ; _c18 cm. |
||
| 504 | _aIndex present | ||
| 650 | _aPrinting | ||
| 942 |
_2ddc _cBK |
||